| 000 | | | 07960cmc2a2200000#x 450 |
| 001 | | | 8136f5a7-7ba3-4da4-b4cd-6ec622da9ce9 |
| 005 | | | 20180116094741.0 |
| 100 | ## | $a | 20140703l18911917k l0rusy0189 ca |
| 101 | 0# | $a | rus |
| 102 | ## | $a | RU |
| 200 | 1# | $a | Памятник Александру II в городе Златоусте Уфимской губернии |
| | $e | б/д |
| | $j | [1891-1917] |
| 251 | ## | $c | Дело |
| 801 | #0 | $a | RU |
| | $b | РГИА |
| | $c | 20140703 |
| 801 | #1 | $a | RU |
| | $b | ГлавНИВЦ |
| | $c | 20140703 |
| | $2 | rusmarc |
| 801 | #2 | $a | RU |
| | $b | ПБ им. Б.Н. Ельцина |
| | $c | 20160229 |
| | $g | RCR |
| | $2 | rusmarc |
| 850 | ## | $a | Федеральное казенное учреждение "Российский государственный исторический архив" (РГИА) |
| 852 | ## | $a | РГИА |
| | $j | 2412 |
| 937 | ## | $h | РГИА |
| | $d | 11166469 |
| | $a | ASBIBLIO_SCAN |
| 462 | #0 | $1 | 001074eb75f-1902-4909-a924-b21579da7b9b |
| | $1 | 2001 |
| | $a | Коллекция фотографий Техническо-строительного комитета МВД древних и архитектурно-скульптурных памятников России |
| | $v | Д. 2412 |
| | $1 | 251 |
| | $c | Опись |
| | $1 | 852 |
| | $j | 169 |
| 461 | #0 | $1 | 001597a3917-b61a-443f-a337-cac2b95e7413 |
| | $1 | 2001 |
| | $a | Техническо-строительный комитет МВД |
| | $1 | 251 |
| | $c | Фонд |
| | $1 | 852 |
| | $j | 1293 |
| 215 | ## | $a | 1 фотография в конверте |
| | $c | ил. |
| | $d | 56х45 см |
| 371 | ## | $a | Документ не является опубликованным и широко распространяемым |
| 105 | ## | $a | a### |
| 122 | 0# | $a | d1897###### |
| | $a | d1917###### |
| 035 | ## | $a | 8136f5a7-7ba3-4da4-b4cd-6ec622da9ce9 |
| 330 | ## | $a | Памятник Александру II был открыт в Златоусте 16 июня 1891 года, находился в специально насаженном сквере на городской площади между Арсеналом и домом горного начальника. Автором статуи Александра II был профессор императорской Академии художеств Михаил Петрович Попов (1837 - 1698), автором общего проекта - "местный гражданин" Михаил Мешалкин. Общая высота памятника от уровня земли составляла около 9 метров, высота статуи, отлитой на Кусинском заводе, - 4, 5 аршина (3, 2 м). Император был изображен в общегенеральской форме без шинели, в его правой руке свиток со словами "19 февраля", на лицевой стороне квадратного белого мраморного постамента слова "1855. Царю-освободителю. 1881" (Годы царствования). Внизу располагалась надпись: "Сей памятник воздвигнут иждивением жителей уезда и города Златоуста". Памятник разрушен вскоре после Октябрьской революции. Использованы материалы Златоустовской эниклопедии (http://www.zlatoust.ru/a/ze/ze.html?42) |
| 300 | ## | $a | В деле представлена 1 фотография, черно-белая. На оборотной стороне фотографии - текст, напечатанный на машинке с информацией о памятнике |
| 300 | ## | $a | Заголовок дела также: Уфимская губерния. Город Златоуст. Памятник Александру II : б/д |
| 517 | 1# | $a | Уфимская губерния. Город Златоуст. Памятник Александру II |
| | $e | б/д |
| 607 | ## | $2 | prlib_sh |
| | $3 | LIBNET\UAF\0000071605 |
| | $a | Александру II, памятник (Златоуст, город; Челябинская область) |
| | $j | Фотографии |
| 608 | ## | $2 | prlib_sh |
| | $3 | DITM\AF\0000001707 |
| | $a | Документальные фотографии |
| 605 | ## | $2 | acquisition_Prlib |
| | $3 | DITM\AF\0000004675 |
| | $a | Территория |
| | $l | коллекция |
| 605 | ## | $a | Власть |
| | $l | коллекция |
| | $2 | acquisition_Prlib |
| | $3 | DITM\AF\0000002775 |
| 605 | ## | $a | Территория России: Челябинская область |
| | $l | коллекция |
| | $2 | acquisition_Prlib |
| | $3 | LIBNET\UAF\0000022551 |
| 605 | ## | $a | Челябинская область: страницы истории |
| | $l | коллекция |
| | $2 | acquisition_Prlib |
| | $3 | LIBNET\UAF\0000022509 |
| 605 | ## | $a | Дом Романовых |
| | $l | коллекция |
| | $2 | acquisition_Prlib |
| | $3 | LIBNET\UAF\0000008152 |
| 605 | ## | $a | Россия в лицах |
| | $l | коллекция |
| | $2 | acquisition_Prlib |
| | $3 | DITM\AF\0000004166 |
| 617 | ## | $2 | prlib_sh |
| | $c | Уфимская губерния |
| 617 | ## | $c | Челябинская область |
| | $2 | prlib_sh |
| 600 | #0 | $2 | nlr_sh |
| | $3 | RU\NLR\AUTH\661372675 |
| | $a | Александр |
| | $c | император российский |
| | $d | II |
| | $f | 1818 - 1881 |
| | $j | Фотографии |
| | $x | Памятники |
| 686 | ## | $a | 63.3(28-8Уфи)53я611 |
| | $v | LBC/M |
| | $2 | rubbk |
| 686 | ## | $a | 85.103(2=411.2)53я611 |
| | $v | LBC/M |
| | $2 | rubbk |